Países más cercanos a Eslovenia - Estadísticas

Estadísticas generales
  • Esta prueba ha sido intentada 88 veces
  • La puntuación promedio es 18 de 20
Estadísticas de respuestas
km país % Correcto
0 Italia
99%
0 Austria
97%
0 Hungría
97%
185 Serbia
97%
0 Croacia
96%
45 Bosnia y Herzegovina
94%
463 Francia
94%
345 Polonia
94%
142 Eslovaquia
92%
224 Suiza
92%
118 Alemania
91%
357 Montenegro
91%
467 Albania
90%
217 Chequia
90%
299 Liechtenstein
89%
186 San Marino
89%
406 Ciudad del Vaticano
87%
283 Rumania
86%
468 Ucrania
85%
478 Kosovo
84%
No se encontraron pruebas coincidentes
Distribución de puntuación
Porcentaje de gente con cada puntuación
Porcentaje por número respondido
Historial de tus puntuaciones
No has intentado esta prueba.